Statistics for Cricket Quiz

Click here to take the quiz!

General Stats

  • This quiz has been taken 46 times
  • The average score is 8 of 11

Answer Stats

QuestionAnswer% Correct
How many overs are played ALTOGETHER in an ODI?100
97%
How long does a Test Match Last?5 Days
97%
Most runs EVER? (Sep 2019)Sachin Tendulkar
91%
Who hit the fastest hundred ever in Twenty20?Chris Gayle
83%
What is the highest score ever in Twenty20 by an INDIVIDUAL?175*
80%
How many fielders are allowed outside the ring in the first 4 Overs of a Twenty20 Match?2
80%
What is the highest score in an ODI? (Question asked as of 19/9/19)264
69%
What was the highest score ever in Twenty20?278
69%
Which team hit the most runs in an innings in TEST Cricket?Sri Lanka
51%
Fewest runs in a completed TEST innings?26
46%
What was the lowest score ever chased down in Twenty20?21
17%

Score Distribution

Percentile by Number Answered

Percent of People with Each Score

Your Score History

You have not taken this quiz